| 000 | 00632nam a2200193Ia 4500 | ||
|---|---|---|---|
| 003 | GCL | ||
| 008 | 140319s9999 xx 000 0 ara d | ||
| 040 |
_aGCL / _cGCL |
||
| 082 | 0 | 4 |
_a811.9 _bص ق |
| 100 | 1 | _aصلاح جاهين | |
| 245 | 1 | 0 |
_aقصاقيص ورق : اشعار بالعامية المصرية(هدية من الأديب عبدالفتاح الجمل) / _cصلاح جاهين |
| 300 | _a221 ص | ||
| 490 | _a | ||
| 650 | 0 | 4 | _aالشعر العربى |
| 650 | 0 | 4 | _aالادب العربى |
| 650 | 0 | 4 | _aالعصر الحديث |
| 650 | 0 | 4 | _aالشعر العربى - دواوين وقصائد |
| 942 |
_2ddc _cBK |
||
| 999 |
_c40303 _d40303 |
||